00261nam a2200097Ia 4500008004100000245003400041260000900075300003400084440002400118650002100142180117s9999 xx 000 0 und d aThis Week in Arts and Culture c2017 a17-18 pages, 2017 September 3 aPhilippine Panorama aARTS AND CULTURE